الكيمياء الفيزيائية : (رقم التسجيلة. 39378)

تفاصيل مارك
000 -الفاتح
حقل البيانات ثابتة الطول 00857nam a22002177a 4500
003 - محدد رقم الضبط
رقم الضبط OSt
005 - وقت وتاريخ اخر تعامل مع التسجيلة
رقم الضبط 20160510124429.0
008 - عناصر البيانات ثابتة الطول - معلومات عامة
حقل البيانات ثابتة الطول 160510s2016 ua a|||f |||| 00| 0 ara d
020 ## - الرقم الدولى المعيارى للكتب
الرقم الدولى المعيارى للكتاب 9789776102927
040 ## - مصدر الفهرسة
وكالة الفهرسة الأصلية Ma-Un
لغة الفهرسة ara
وكالة النسخ Dar Arab
082 04 - رقم تصنيف ديوى العشرى
رقم التصنيف 541.3076
رقم المادة ش ح ك
رقم الطبعة 21
100 1# - المدخل الرئيسى - إسم شخصى
الإسم الشخصى شحاتة، حسن أحمد
9 (RLIN) 54839
245 12 - بيان العنوان
العنوان الكيمياء الفيزيائية :
بقية العنوان أسئلة ومسائل محلولة /
بيان المسئوليه,etc حسن أحمد شحاتة.
250 ## - بيان الطبعة
بيان الطبعة ط. 1.
260 ## - PUBLICATION, DISTRIBUTION, ETC. (IMPRINT)
مكان الناشر او الموزع القاهرة :
اسم الناشر او الموزع دار طيبة للنشر والتوزيع،
تاريخ النشر أو التوزيع 2016.
300 ## - الوصف المادى
التعداد 291 ص. :
تفاصيل ماديه اخرى للوعاء إيض. ؛
أبعاد الوعاء 24 سم.
500 ## - تبصرة عامة
تبصرة عامة ملاحق : ص. 285-291.
650 #4 - المدخل الاضافى بالموضوع-مصطلح موضوعى
مصطلح موضوعي أو اسم جغرافي كعنصر مدخل الكيمياء الفيزيائية
التقسيم الفرعي الشكلي اختبارات، أسئلة، إلخ.
9 (RLIN) 55293
650 #4 - المدخل الاضافى بالموضوع-مصطلح موضوعى
مصطلح موضوعي أو اسم جغرافي كعنصر مدخل الكيمياء الفيزيائية
التقسيم الفرعي العام دراسة وتعليم (عالي)
9 (RLIN) 49443
942 ## - عناصر المدخل الإضافي( كوها)
Koha [default] item type كتاب
المقتنيات
حالة الفقد نموذج السعر الفعال حالة تلف ليس للاعارة رقم الطلب رقم النسخة تاريخ الاكتساب الموقع الحالي الباركود الفرع الرئيسي Date last seen نوع المادة فى نظام كوها مصدر التصنيف او خطة الترفيف Total Checkouts
  2016-05-10   Not For Loan 541.3076 ش ح ك 1 2016-05-10 المكتبة المركزية بالمجمعة (CL) 00225217 المكتبة المركزية بالمجمعة (CL) 2016-05-10 كتاب Dewey Decimal Classification  
  2016-05-10     541.3076 ش ح ك 2 2016-05-10 المكتبة المركزية بالمجمعة (CL) 00225218 المكتبة المركزية بالمجمعة (CL) 2016-05-10 كتاب Dewey Decimal Classification  
  2016-05-10     541.3076 ش ح ك 3 2016-05-10 المكتبة المركزية بالمجمعة (CL) 00225219 المكتبة المركزية بالمجمعة (CL) 2016-05-10 كتاب Dewey Decimal Classification  
  2016-05-10   Not For Loan 541.3076 ش ح ك 1 2016-05-10 كلية الشريعة والقانون - طالبات 00225228 كلية الشريعة والقانون - طالبات 2016-05-10 كتاب Dewey Decimal Classification  
  2016-05-10     541.3076 ش ح ك 2 2016-05-10 كلية الشريعة والقانون - طالبات 00225229 كلية الشريعة والقانون - طالبات 2016-05-10 كتاب Dewey Decimal Classification  
  2016-05-10   Not For Loan 541.3076 ش ح ك 1 2016-05-10 مكتبة كلية التربية بالزلفى - طالبات (EZF) 00225230 مكتبة كلية التربية بالزلفى - طالبات (EZF) 2016-05-10 ARABIC BOOK Dewey Decimal Classification  
  2016-05-10     541.3076 ش ح ك 2 2016-05-10 مكتبة كلية التربية بالزلفى - طالبات (EZF) 00225231 مكتبة كلية التربية بالزلفى - طالبات (EZF) 2016-05-10 ARABIC BOOK Dewey Decimal Classification  
  2016-05-10   Not For Loan 541.3076 ش ح ك 1 2016-05-10 مكتبة كلية التمريض - طالبات (CNF) 00225220 مكتبة كلية التمريض - طالبات (CNF) 2016-05-10 كتاب Dewey Decimal Classification  
  2016-05-10     541.3076 ش ح ك 2 2016-05-10 مكتبة كلية التمريض - طالبات (CNF) 00225221 مكتبة كلية التمريض - طالبات (CNF) 2016-05-10 كتاب Dewey Decimal Classification  
  2016-05-10   Not For Loan 541.3076 ش ح ك 1 2016-05-10 مكتبة كلية العلوم و الدراسات الإنسانية برماح - طالبات (SRF) 00225224 مكتبة كلية العلوم و الدراسات الإنسانية برماح - طالبات (SRF) 2016-05-10 كتاب Dewey Decimal Classification  
  2016-05-10     541.3076 ش ح ك 2 2016-05-10 مكتبة كلية العلوم و الدراسات الإنسانية برماح - طالبات (SRF) 00225225 مكتبة كلية العلوم و الدراسات الإنسانية برماح - طالبات (SRF) 2016-05-10 كتاب Dewey Decimal Classification  
  2016-05-10   Not For Loan 541.3076 ش ح ك 1 2016-05-10 مكتبة كلية العلوم و الدراسات الإنسانية برماح - طلاب (SRM) 00225226 مكتبة كلية العلوم و الدراسات الإنسانية برماح - طلاب (SRM) 2016-05-10 كتاب Dewey Decimal Classification  
  2016-05-10     541.3076 ش ح ك 2 2016-05-10 مكتبة كلية العلوم و الدراسات الإنسانية برماح - طلاب (SRM) 00225227 مكتبة كلية العلوم و الدراسات الإنسانية برماح - طلاب (SRM) 2016-05-10 كتاب Dewey Decimal Classification  
  2016-05-10   Not For Loan 541.3076 ش ح ك 1 2016-05-10 مكتبة مجمع الكليات بالزلفى - طلاب (SZM) 00225232 مكتبة مجمع الكليات بالزلفى - طلاب (SZM) 2016-05-10 كتاب Dewey Decimal Classification  
  2016-05-10     541.3076 ش ح ك 2 2016-05-10 مكتبة مجمع الكليات بالزلفى - طلاب (SZM) 00225233 مكتبة مجمع الكليات بالزلفى - طلاب (SZM) 2016-05-10 كتاب Dewey Decimal Classification